Dân tộc học

में बचाया:
ग्रंथसूची विवरण
स्वरूप: पुस्तक
भाषा:Undetermined
प्रकाशित: Hà Nội Viện Dân tộc học. Viện Khoa học xã hội Việt Nam
विषय:
टैग : टैग जोड़ें
कोई टैग नहीं, इस रिकॉर्ड को टैग करने वाले पहले व्यक्ति बनें!
Thư viện lưu trữ: Trung tâm Học liệu Trường Đại học Cần Thơ
LEADER 00582nam a2200169Ia 4500
001 CTU_229219
008 210402s9999 xx 000 0 und d
082 |a 305 
082 |b D121 
245 0 |a Dân tộc học 
245 0 |c Viện Dân tộc học. Viện Khoa học xã hội Việt Nam 
260 |a Hà Nội 
260 |b Viện Dân tộc học. Viện Khoa học xã hội Việt Nam 
650 |a Ethnology,Dân tộc học 
650 |z Vietnam,Việt Nam 
904 |i T.Trang 
980 |a Trung tâm Học liệu Trường Đại học Cần Thơ